[Event "HCL-C099"]
[Site "www.playchess.de"]
[Date "2001.02.07"]
[Round "19"]
[White "Danne"]
[Black "Christopher"]
[WhiteElo "1460"]
[BlackElo "1131"]
[PlyCount "58"]
[Result "0-1"]

1.e4 e5 2.Nf3 Nf6 3.Nxe5 d6 4.Nd3 Nxe4 5.Qe2 Qe7 
6.g3 Nf6 7.Nc3 Qxe2+ 8.Bxe2 Bd7 9.O-O Nc6 10.Re1 
O-O-O 11.a4 d5 12.b3 Re8 13.Ba3 Bxa3 14.Rxa3 Nd4 
15.Ra2 Bf5 16.Kf1 Ng4 17.h3 Ne5 18.Nxd5 Bxh3+ 
19.Kg1 Nxd3 20.cxd3 Nxe2+ 21.Kh2 Bg4 22.b4 Nd4 
23.Rc1 c6 24.b5 Be6 25.bxc6 Bxd5 26.cxb7+ Kb8 
27.Rb2 Nf3+ 28.Kh3 Re7 29.Rcb1 
Rxb7 0-1

[Event "HCL-A005"]
[Site "www.playchess.de"]
[Date "2001.02.07"]
[Round "3"]
[White "Scourge01"]
[Black "Catalina"]
[WhiteElo "1700"]
[BlackElo "1700"]
[PlyCount "64"]
[Result "0-1"]

1.e4 c5 2.Nf3 d6 3.d4 cxd4 4.Nxd4 Nf6 5.Nc3 g6 
6.Be3 Bg7 7.f3 O-O 8.Bc4 Nc6 9.Qd2 Bd7 10.O-O-O 
Qa5 11.Bb3 Rfc8 12.Kb1 Ne5 13.h4 Nc4 14.Bxc4 Rxc4 
15.Nb3 Qc7 16.Bd4 Be6 17.h5 a5 18.hxg6 hxg6 19.a4 
Rb4 20.Rh4 b5 21.Nxb5 Qc4 22.Rdh1 Rxa4 23.Nxd6 Qb4 
24.Qxb4 Rxb4 25.e5 Nh5 26.g4 Ng3 27.R1h3 g5 
28.R4h7 Bxb3 29.Bc3 Bd5 30.Rxg7+ Kxg7 31.e6+ f6 
32.Nf7 Ne2 0-1

[Event "HCL-A005"]
[Site "www.playchess.de"]
[Date "2001.02.07"]
[Round "4"]
[White "Maat"]
[Black "edwardchess"]
[WhiteElo "1900"]
[BlackElo "1700"]
[PlyCount "76"]
[Result "0-1"]

1.c4 e6 2.d4 Nf6 3.Nf3 Bb4+ 4.Bd2 Bxd2+ 5.Qxd2 O-O 
6.g3 Ne4 7.Qc2 d5 8.Bg2 Nc6 9.Nc3 Nxc3 10.Qxc3 
dxc4 11.Qxc4 Qe7 12.O-O Qb4 13.Qxb4 Nxb4 14.a3 Nd5 
15.Rac1 c6 16.e4 Nf6 17.Ne5 Nd7 18.Nc4 Nb6 19.Nxb6 
axb6 20.d5 Bd7 21.d6 e5 22.f4 f6 23.Rc3 Rfd8 
24.Rd1 Ra4 25.b4 Rda8 26.Rdd3 Rc8 27.Bf3 g5 28.Bd1 
Raa8 29.Kf2 Be6 30.Bb3 Kf7 31.fxe5 Bxb3 32.Rcxb3 
fxe5 33.Rd1 Rcf8 34.Kg2 b5 35.Rc3 Ke6 36.d7 Ke7 
37.Kh3 h5 38.Rcd3 Rad8 0-1

[Event "HCL-A005"]
[Site "www.playchess.de"]
[Date "2001.02.07"]
[Round "5"]
[White "edwardchess"]
[Black "Scourge01"]
[WhiteElo "1700"]
[BlackElo "1700"]
[PlyCount "49"]
[Result "1-0"]

1.d4 Nf6 2.e3 g6 3.Nf3 Bg7 4.Bd3 d5 5.Nbd2 c5 6.b3 
Nc6 7.a3 cxd4 8.exd4 Ne4 9.Bb2 Bg4 10.Nxe4 dxe4 
11.Bxe4 Qa5+ 12.b4 Qc7 13.Bxc6+ Qxc6 14.d5 Bc3+ 
15.Bxc3 Qxc3+ 16.Kf1 Rd8 17.h3 Bxf3 18.gxf3 Qc4+ 
19.Qe2 Qxd5 20.c4 Qd4 21.Kg2 O-O 22.Qe3 a6 23.Rhd1 
Qd5 24.Rxd5 Rxd5 25.cxd5 1-0

[Event "HCL-A005"]
[Site "www.playchess.de"]
[Date "2001.02.07"]
[Round "7"]
[White "LarryM1633"]
[Black "Maat"]
[WhiteElo "1600"]
[BlackElo "1900"]
[PlyCount "67"]
[Result "1-0"]

1.e4 c5 2.Nf3 e6 3.d4 cxd4 4.Nxd4 Nc6 5.Be3 Nf6 
6.Nc3 Bb4 7.Bg5 Qa5 8.Ndb5 Nxe4 9.Bd2 Nxd2 10.Qxd2 
d5 11.Be2 a6 12.Nd4 Bd7 13.Nb3 Qc7 14.O-O O-O 
15.a3 Bd6 16.g3 Rac8 17.Rfe1 Rfd8 18.Bd3 Be5 
19.Qe2 Bxc3 20.bxc3 e5 21.Qe3 e4 22.Bf1 Ne5 23.Nd4 
Qa5 24.c4 Nxc4 25.Bxc4 Rxc4 26.h4 Rc3 27.Qg5 f6 
28.Qh5 Qc5 29.Red1 Re8 30.Nf5 Re5 31.Rxd5 Rxd5 
32.Ne7+ Kf8 33.Nxd5 Rxg3+ 34.Kh1 1-0

[Event "HCL-A005"]
[Site "www.playchess.de"]
[Date "2001.02.07"]
[Round "8"]
[White "Scourge01"]
[Black "LarryM1633"]
[WhiteElo "1700"]
[BlackElo "1600"]
[PlyCount "52"]
[Result "0-1"]

1.e4 e5 2.Nf3 Nc6 3.Bb5 Nf6 4.O-O Bc5 5.c3 O-O 
6.d4 exd4 7.e5 Ng4 8.cxd4 Bb6 9.Ng5 d6 10.Qc2 g6 
11.Bxc6 bxc6 12.h3 Nh6 13.Ne4 Nf5 14.Bg5 Ne7 
15.Rd1 Bf5 16.Nbc3 d5 17.Nf6+ Kg7 18.Qd2 Qc8 
19.Ne8+ Kg8 20.Bf6 Bxh3 21.Bxe7 Rxe8 22.Bf6 Qg4 
23.f3 Qg3 24.Kf1 Bxd4 25.f4 Be3 26.Qe2 
Bg4 0-1

[Event "HCL-A005"]
[Site "www.playchess.de"]
[Date "2001.02.07"]
[Round "9"]
[White "LarryM1633"]
[Black "Catalina"]
[WhiteElo "1600"]
[BlackElo "1700"]
[PlyCount "60"]
[Result "0-1"]

1.e4 c5 2.Nf3 d6 3.d4 cxd4 4.Nxd4 Nf6 5.Nc3 g6 
6.Bc4 Bg7 7.Be3 Ng4 8.Qf3 O-O 9.O-O Nxe3 10.fxe3 
e6 11.Rf2 Nd7 12.Raf1 Ne5 13.Qe2 Nxc4 14.Qxc4 b6 
15.Nf3 Bb7 16.Qe2 Bxc3 17.bxc3 Bxe4 18.h3 Rc8 
19.c4 Bxf3 20.R2xf3 Qc7 21.R3f4 f5 22.Rd1 e5 
23.Rh4 Kg7 24.e4 Qe7 25.Qe1 Rxc4 26.g3 Rxc2 27.Rd2 
Rxd2 28.Qxd2 f4 29.Rg4 h5 30.Rh4 
fxg3 0-1

[Event "HCL-A005"]
[Site "www.playchess.de"]
[Date "2001.02.07"]
[Round "11"]
[White "Maat"]
[Black "CapnQuahog"]
[WhiteElo "1900"]
[BlackElo "1800"]
[PlyCount "51"]
[Result "1-0"]

1.d4 Nf6 2.Nf3 b5 3.Bg5 Ne4 4.Bh4 c5 5.dxc5 Bb7 
6.e3 Nxc5 7.Bxb5 Qa5+ 8.Nc3 Ne4 9.Qd3 Nxc3 10.bxc3 
Bc6 11.Bxc6 Nxc6 12.O-O Ne5 13.Nxe5 Qxe5 14.Rab1 
Qa5 15.Rb7 Qa4 16.Rd1 d6 17.Qd5 Rc8 18.Bxe7 Bxe7 
19.Rxe7+ Kxe7 20.Qxd6+ Ke8 21.Rd5 Qg4 22.Re5+ Qe6 
23.Rxe6+ fxe6 24.Qxe6+ Kd8 25.Qd5+ Ke8 
26.Qb7 1-0

[Event "HCL-A005"]
[Site "www.playchess.de"]
[Date "2001.02.07"]
[Round "12"]
[White "CapnQuahog"]
[Black "Scourge01"]
[WhiteElo "1800"]
[BlackElo "1700"]
[PlyCount "64"]
[Result "1-0"]

1.e4 c5 2.Nf3 e6 3.c3 Nf6 4.Bd3 Nc6 5.Bc2 d5 6.e5 
Nd7 7.d4 Qb6 8.a3 Be7 9.O-O f6 10.dxc5 Bxc5 11.b4 
Be7 12.exf6 Nxf6 13.Re1 O-O 14.Nbd2 Ng4 15.Re2 e5 
16.Nb3 Be6 17.Be3 Qc7 18.Ne1 e4 19.g3 Nxe3 20.Rxe3 
Bg5 21.f4 exf3 22.e.p Rxf3 23.Rxf3 Nxf3 24.Be3+ 
Kg2 25.Rf8 Qd3 26.Bf5 Qxd5+ 27.Rf7 Bxf5 28.Ne7 
Bxh7+ 29.Kf8 Qe5 30.Qxe5 Nxe5 31.Rf2+ Kh3 32.Nd5 
Ng4 1-0

[Event "HCL-A005"]
[Site "www.playchess.de"]
[Date "2001.02.07"]
[Round "13"]
[White "Catalina"]
[Black "CapnQuahog"]
[WhiteElo "1700"]
[BlackElo "1800"]
[PlyCount "57"]
[Result "1-0"]

1.e4 e5 2.Nf3 f5 3.Nxe5 Nc6 4.Qh5+ g6 5.Nxg6 Nf6 
6.Qh4 hxg6 7.Qxh8 Qe7 8.d3 Kf7 9.Nc3 Bg7 10.Qh4 
Nd4 11.Kd1 c6 12.Be3 Ne6 13.exf5 gxf5 14.g3 d5 
15.Bg2 Bd7 16.Ne2 b5 17.a3 a5 18.Qh3 d4 19.Bd2 Qc5 
20.b4 axb4 21.Bxb4 Qb6 22.Qxf5 Rc8 23.h4 c5 24.Bd2 
Nc7 25.Qg5 c4 26.Nf4 Bc6 27.Qg6+ Kg8 28.Nh5 Nce8 
29.Nxg7 1-0

[Event "HCL-A005"]
[Site "www.playchess.de"]
[Date "2001.02.07"]
[Round "14"]
[White "CapnQuahog"]
[Black "edwardchess"]
[WhiteElo "1800"]
[BlackElo "1700"]
[PlyCount "51"]
[Result "0-1"]

1.e4 e6 2.d4 d5 3.Nc3 Nf6 4.Bg5 Bb4 5.e5 h6 6.Bd2 
Bxc3 7.bxc3 Ne4 8.Qg4 g6 9.Bd3 Nxd2 10.Kxd2 c5 
11.Nf3 Qe7 12.Rab1 c4 13.Be2 Kd8 14.Qf4 Nd7 15.h4 
f5 16.exf6 e.p 17.Nxf6 Ne5 18.Ne4+ Ke3 19.Rf8 Nxg6 
20.Rxf4 Nxe7 21.Rf7 Ng8 22.Nxc3 Rb2 23.Nxe2 Kxe2 
24.h5 g3 25.Rf8 Nh6 26.Rf6 0-1

[Event "HCL-A005"]
[Site "www.playchess.de"]
[Date "2001.02.07"]
[Round "15"]
[White "LarryM1633"]
[Black "CapnQuahog"]
[WhiteElo "1600"]
[BlackElo "1800"]
[PlyCount "56"]
[Result "0-1"]

1.e4 e5 2.Nf3 Nc6 3.Bb5 f5 4.Nc3 fxe4 5.Nxe4 d5 
6.Nc3 Bg4 7.h3 Bxf3 8.Qxf3 Nf6 9.O-O Bc5 10.d3 O-O 
11.Bg5 Nd4 12.Qd1 c6 13.Ba4 a5 14.a3 b5 15.Bb3 
Nxb3 16.cxb3 Qb6 17.Qe2 Rae8 18.Kh1 e4 19.Bxf6 
exd3 20.Qxd3 Rxf6 21.f3 Rfe6 22.Rac1 Bd6 23.f4 d4 
24.Nb1 c5 25.Nd2 R6e2 26.a4 R8e3 27.Qc2 Qc6 
28.Rfg1 Rxh3+ 0-1

[Event "HCL-A005"]
[Site "www.playchess.de"]
[Date "2001.02.07"]
[Round "16"]
[White "Colemann"]
[Black "Maat"]
[WhiteElo "1700"]
[BlackElo "1900"]
[PlyCount "42"]
[Result "0-1"]

1.d4 Nf6 2.c4 g6 3.Nc3 d5 4.cxd5 Nxd5 5.e4 Nxc3 
6.bxc3 Bg7 7.Bc4 c5 8.Ne2 Nc6 9.Be3 O-O 10.O-O Bg4 
11.f3 Bd7 12.Rb1 Qc7 13.Qd2 Rad8 14.Qb2 Na5 15.Bd3 
b6 16.e5 Be6 17.f4 Nc4 18.Bxc4 Bxc4 19.Rfd1 f6 
20.Ng3 fxe5 21.fxe5 Qd7 0-1

[Event "HCL-A005"]
[Site "www.playchess.de"]
[Date "2001.02.07"]
[Round "17"]
[White "Scourge01"]
[Black "Colemann"]
[WhiteElo "1700"]
[BlackElo "1700"]
[PlyCount "39"]
[Result "1-0"]

1.e4 e6 2.d4 d5 3.Nc3 Bb4 4.e5 c5 5.a3 Bxc3+ 
6.bxc3 Ne7 7.Qg4 Qc7 8.Qxg7 Rg8 9.Qxh7 cxd4 10.Ne2 
Nbc6 11.f4 dxc3 12.Qd3 Bd7 13.Qxc3 Nf5 14.Rb1 d4 
15.Qd3 O-O-O 16.Rg1 Be8 17.g4 Nh4 18.Rg3 f6 
19.exf6 e5 20.f5 1-0

[Event "HCL-A005"]
[Site "www.playchess.de"]
[Date "2001.02.07"]
[Round "18"]
[White "Colemann"]
[Black "Catalina"]
[WhiteElo "1700"]
[BlackElo "1700"]
[PlyCount "36"]
[Result "0-1"]

1.d4 Nf6 2.c4 c5 3.Nf3 e6 4.Nc3 d5 5.cxd5 exd5 
6.g3 Be7 7.Bg2 O-O 8.O-O Nc6 9.dxc5 Bxc5 10.Bg5 
Be6 11.Rc1 Be7 12.Nd4 h6 13.Be3 Qd7 14.Nxc6 bxc6 
15.Na4 Bh3 16.Bc5 Bxg2 17.Kxg2 Rfe8 18.e3 
Bd8 0-1

[Event "HCL-A005"]
[Site "www.playchess.de"]
[Date "2001.02.07"]
[Round "19"]
[White "edwardchess"]
[Black "Colemann"]
[WhiteElo "1700"]
[BlackElo "1700"]
[PlyCount "43"]
[Result "1-0"]

1.d4 Nf6 2.Nf3 g6 3.Bg5 d6 4.Nbd2 Bg7 5.e3 O-O 
6.c3 c6 7.Be2 Nbd7 8.O-O e5 9.e4 Re8 10.Qc2 Qc7 
11.Rfe1 a5 12.Rad1 a4 13.Nc4 exd4 14.Bf4 Bf8 
15.Nxd4 Ne5 16.Nxe5 dxe5 17.Bg3 Qa5 18.Nf3 Bg4 
19.h3 Bxf3 20.Bxf3 Rad8 21.Rxd8 Rxd8 
22.Rd1 1-0

[Event "HCL-A005"]
[Site "www.playchess.de"]
[Date "2001.02.07"]
[Round "20"]
[White "Colemann"]
[Black "LarryM1633"]
[WhiteElo "1700"]
[BlackElo "1600"]
[PlyCount "48"]
[Result "0-1"]

1.d4 Nf6 2.c4 g6 3.Nc3 Bg7 4.e4 d6 5.f3 O-O 6.Be3 
Nc6 7.Qd2 Re8 8.Nge2 e5 9.d5 Ne7 10.g4 a6 11.Ng3 
Bd7 12.h4 c6 13.O-O-O b5 14.h5 cxd5 15.cxd5 b4 
16.Nce2 Rc8+ 17.Kb1 a5 18.hxg6 fxg6 19.Bh6 Qb6 
20.Bxg7 Kxg7 21.g5 Nfg8 22.Nc1 a4 23.Bd3 b3 24.a3 
Bb5 0-1

[Event "HCL-A005"]
[Site "www.playchess.de"]
[Date "2001.02.07"]
[Round "21"]
[White "CapnQuahog"]
[Black "Colemann"]
[WhiteElo "1800"]
[BlackElo "1700"]
[PlyCount "45"]
[Result "1-0"]

1.f4 g6 2.g3 Bg7 3.Bg2 c5 4.Nf3 Nc6 5.O-O d5 6.d3 
Nf6 7.Qe1 O-O 8.c3 d4 9.Bd2 Nd5 10.Na3 Rb8 11.c4 
Ndb4 12.h3 f5 13.Ng5 h6 14.Nf3 a6 15.Qd1 Kh7 
16.Nc2 Nxc2 17.Qxc2 e5 18.fxe5 Nxe5 19.Bf4 Qe7 
20.Rae1 g5 21.Bxe5 Bxe5 22.Nxe5 Qxe5 
23.g4 1-0

[Event "HCL-C106"]
[Site "www.playchess.de"]
[Date "2001.02.07"]
[Round "7"]
[White "O_Man"]
[Black "Smutje"]
[WhiteElo "1000"]
[BlackElo "1000"]
[PlyCount "23"]
[Result "1-0"]

1.e4 e5 2.Nf3 Qf6 3.b3 Nc6 4.Bb2 d6 5.Bb5 Qf4 
6.Nc3 Be6 7.d4 exd4 8.Qxd4 O-O-O 9.Bxc6 bxc6 
10.Qxa7 d5 11.Rd1 dxe4 12.Qa8+ 1-0

[Event "HCL-C106"]
[Site "www.playchess.de"]
[Date "2001.02.07"]
[Round "17"]
[White "uneek"]
[Black "Danne"]
[WhiteElo "1052"]
[BlackElo "1175"]
[PlyCount "53"]
[Result "1-0"]

1.d4 d5 2.Nf3 Nc6 3.c3 h6 4.e3 a6 5.Bd3 Bg4 6.Nbd2 
Nf6 7.O-O e5 8.dxe5 Bxf3 9.Nxf3 Nd7 10.e4 Ndxe5 
11.Nxe5 Nxe5 12.Re1 Bc5 13.exd5 Qf6 14.Be3 Bxe3 
15.Rxe3 O-O-O 16.c4 Nxd3 17.Rxd3 Qxb2 18.Rd2 Qb4 
19.Qc1 f6 20.Rb1 Qc5 21.Qc3 Rhf8 22.Qd4 Qa5 23.Re2 
Rde8 24.Qg4+ Kb8 25.d6 Rxe2 26.Qxe2 cxd6 
27.Qe7 1-0

[Event "HCL-C106"]
[Site "www.playchess.de"]
[Date "2001.02.07"]
[Round "19"]
[White "Tarahumara"]
[Black "Danne"]
[WhiteElo "1113"]
[BlackElo "1175"]
[PlyCount "29"]
[Result "1-0"]

1.e4 e5 2.Nf3 d6 3.Bc4 Nf6 4.d3 h6 5.Nc3 Bg4 6.h3 
Bh5 7.g4 Bg6 8.g5 Nh5 9.Nh4 hxg5 10.Nxg6 fxg6 
11.Qf3 Nf4 12.Rg1 Rxh3 13.Rg3 Rxg3 14.fxg3 Nh5 
15.Qf7+ 1-0

[Event "HCL-C106"]
[Site "www.playchess.de"]
[Date "2001.02.07"]
[Round "20"]
[White "Danne"]
[Black "O_Man"]
[WhiteElo "1175"]
[BlackElo "1000"]
[PlyCount "55"]
[Result "1-0"]

1.e4 c5 2.Bc4 Nc6 3.Nf3 e6 4.O-O Bd6 5.d3 Nf6 
6.Qe2 h5 7.Bg5 Nd4 8.Nxd4 cxd4 9.e5 Bc7 10.exf6 
gxf6 11.Bd2 Bxh2+ 12.Kxh2 h4 13.Qf3 e5 14.Bg5 Rh7 
15.Bxf6 Qc7 16.Qf5 e4+ 17.Kg1 d5 18.Qxh7 dxc4 
19.Qg8+ Kd7 20.Qxf7+ Kc6 21.Qxc4+ Kd7 22.Qxd4+ Qd6 
23.Qxd6+ Kxd6 24.dxe4 h3 25.gxh3 Bxh3 26.e5+ Ke6 
27.Rd1 Rh8 28.Bxh8 1-0

[Event "HCL-A049"]
[Site "www.playchess.de"]
[Date "2001.02.08"]
[Round "19"]
[White "Guzfig"]
[Black "Savage"]
[WhiteElo "1700"]
[BlackElo "1285"]
[PlyCount "22"]
[Result "0-1"]

1.e4 c5 2.Nf3 Nc6 3.c3 d6 4.d4 cxd4 5.cxd4 g6 
6.Bc4 Bg7 7.O-O Nf6 8.Nc3 O-O 9.Bg5 Bg4 10.h3 Bxf3 
11.gxf3 Qd7 0-1

[Event "HCL-A062"]
[Site "www.playchess.de"]
[Date "2001.02.08"]
[Round "10"]
[White "Savage"]
[Black "chessnut"]
[WhiteElo "1484"]
[BlackElo "1700"]
[PlyCount "80"]
[Result "0-1"]

1.e4 e6 2.d4 d5 3.Nc3 Bb4 4.e5 c5 5.a3 Bxc3+ 
6.bxc3 Ne7 7.Qg4 Qc7 8.Bd2 Nf5 9.Bd3 O-O 10.Nf3 c4 
11.Bxf5 exf5 12.Qg3 Re8 13.O-O Qc6 14.Nh4 Qe6 
15.Rfe1 h6 16.f4 Nc6 17.Qe3 b6 18.a4 Rb8 19.Bc1 
Na5 20.Ba3 Nb7 21.h3 Bd7 22.Qc1 Bxa4 23.Bb4 b5 
24.Re2 a5 25.Ba3 Nd8 26.Bc5 Ra8 27.Qe1 Nb7 28.Ba3 
Kh7 29.Nf3 Qg6 30.Qh4 Nd8 31.g4 fxg4 32.hxg4 Bxc2 
33.Ng5+ Kg8 34.Rh2 Qd3 35.Rh3 Qd2 36.Rf1 Bd3 
37.Rf2 Qxc3 38.f5 Qxa3 39.f6 Qc1+ 40.Kg2 
Qxg5 0-1

[Event "HCL-B058"]
[Site "www.playchess.de"]
[Date "2001.02.08"]
[Round "12"]
[White "Yogibear"]
[Black "Axel"]
[WhiteElo "1500"]
[BlackElo "1500"]
[PlyCount "88"]
[Result "0-1"]

1.c4 Nf6 2.Nc3 e6 3.g3 g6 4.Bg2 Bg7 5.d4 O-O 6.Bg5 
d6 7.Nf3 Nbd7 8.Qc1 Re8 9.O-O e5 10.Rd1 exd4 
11.Nxd4 Nc5 12.b4 Ne6 13.Nxe6 Rxe6 14.Rb1 Qe8 
15.e4 c6 16.f3 Nd7 17.Bh3 Ne5 18.Bxe6 Qxe6 19.Qe3 
Nxc4 20.Qc1 Ne5 21.Rf1 Qc4 22.Nd1 Qxa2 23.Rf2 Qe6 
24.Qc2 Nc4 25.Rc1 b5 26.Ne3 Bd4 27.Nxc4 bxc4 
28.Qxc4 c5 29.bxc5 dxc5 30.Qd3 Ba6 31.Qa3 Rb8 
32.Qa5 h6 33.Bf4 Bxf2+ 34.Kxf2 Rb2+ 35.Kg1 Qh3 
36.Bd2 Rc2 37.Qd8+ Kh7 38.Re1 Bc4 39.Qd6 a5 40.f4 
a4 41.f5 g5 42.f6 a3 43.e5 a2 44.Qf8 
Kg6 0-1

[Event "HCL-B066"]
[Site "www.playchess.de"]
[Date "2001.02.08"]
[Round "17"]
[White "chessape"]
[Black "Pelikan"]
[WhiteElo "1329"]
[BlackElo "1251"]
[PlyCount "40"]
[Result "0-1"]

1.d4 Nf6 2.c4 g6 3.Nc3 d5 4.cxd5 Nxd5 5.e4 Nxc3 
6.bxc3 Bg7 7.Nf3 c5 8.Rb1 O-O 9.Be2 Qa5 10.O-O 
Qxc3 11.Bd2 Qa3 12.Qc2 Nc6 13.Rb3 Qa4 14.Bb5 Nxd4 
15.Nxd4 Qxd4 16.Be3 Qd8 17.Bxc5 Be6 18.Rd3 Qc7 
19.Rc1 Rac8 20.Rd2 Qa5 0-1

[Event "HCL-B071"]
[Site "www.playchess.de"]
[Date "2001.02.08"]
[Round "10"]
[White "ric70"]
[Black "msmsk"]
[WhiteElo "1595"]
[BlackElo "1448"]
[PlyCount "70"]
[Result "0-1"]

1.d4 Nf6 2.c4 c5 3.d5 b5 4.cxb5 a6 5.bxa6 Bxa6 
6.Nc3 d6 7.Nf3 g6 8.e4 Bxf1 9.Rxf1 Bg7 10.Bg5 O-O 
11.Qc2 Qa5 12.Nd2 Nbd7 13.a4 Rfb8 14.Ra3 Rb4 
15.Nb3 Qb6 16.a5 Qb7 17.Bxf6 Nxf6 18.f3 c4 19.Nd2 
Rxb2 20.Qc1 Rb4 21.Nd1 Nd7 22.Qc2 Qb5 23.Kf2 Qc5+ 
24.Kg3 Be5+ 25.f4 Rb2 26.Nxb2 Qxa3+ 27.Rf3 Qxb2 
28.Qxb2 Bxb2 29.Nxc4 Bd4 30.Kg4 Nf6+ 31.Kg5 Nxe4+ 
32.Kg4 h5+ 33.Kh3 g5 34.g4 f5 35.gxf5 
g4+ 0-1

[Event "HCL-B087"]
[Site "www.playchess.de"]
[Date "2001.02.08"]
[Round "17"]
[White "rocking"]
[Black "CHARON"]
[WhiteElo "1500"]
[BlackElo "1468"]
[PlyCount "24"]
[Result "0-1"]

1.e4 e5 2.f4 exf4 3.Nf3 g5 4.d4 Bg7 5.Bc4 d6 6.O-O 
Bg4 7.Nc3 Nd7 8.g3 Qf6 9.Nd5 Qd8 10.gxf4 gxf4 
11.Bxf4 Ngf6 12.Nxf6+ Qxf6 0-1

[Event "HCL-C086"]
[Site "www.playchess.de"]
[Date "2001.02.08"]
[Round "20"]
[White "Jester"]
[Black "Gabaldon"]
[WhiteElo "1000"]
[BlackElo "1306"]
[PlyCount "22"]
[Result "0-1"]

1.d4 c5 2.dxc5 Qa5+ 3.Nc3 Qxc5 4.e4 Nf6 5.Nf3 Ng4 
6.Qd2 e6 7.a3 Nc6 8.Nb5 Nce5 9.Nxe5 Nxe5 10.Qf4 d6 
11.Be3 Qc6 0-1

[Event "HCL-C093"]
[Site "www.playchess.de"]
[Date "2001.02.08"]
[Round "9"]
[White "soymilk"]
[Black "Stefan"]
[WhiteElo "1092"]
[BlackElo "1000"]
[PlyCount "118"]
[Result "0-1"]

1.e4 d6 2.d4 Nf6 3.Nc3 g6 4.Nf3 Bg7 5.Be2 O-O 
6.O-O Nbd7 7.e5 dxe5 8.Nxe5 Nxe5 9.dxe5 Nd7 10.Be3 
Nxe5 11.Qc1 Bf5 12.Rd1 Qc8 13.Bb5 c6 14.Ba4 Qc7 
15.Ne2 Nc4 16.Bd4 Ne5 17.c3 c5 18.Bxe5 Qxe5 19.Ng3 
Bg4 20.Re1 Qc7 21.Qe3 Be6 22.Ne4 b6 23.Ng5 Bf5 
24.Nf3 Bf6 25.Qh6 Rad8 26.Ng5 Bxg5 27.Qxg5 e6 
28.Rad1 a6 29.Qc1 Kg7 30.Rd2 Qf4 31.Rxd8 Qxc1 
32.Rxc1 Rxd8 33.Rd1 Rxd1+ 34.Bxd1 Bd3 35.g3 Kf6 
36.Bf3 Ke5 37.h4 h6 38.Kh2 f5 39.Kh3 g5 40.Bb7 
Bf1+ 41.Kh2 gxh4 42.gxh4 Kf4 43.Kg1 Bd3 44.Kg2 a5 
45.b3 Kg4 46.h5 Kxh5 47.Kg3 Kg5 48.f4+ Kf6 49.Bf3 
e5 50.fxe5+ Kxe5 51.a3 Be4 52.Be2 f4+ 53.Kg4 f3 
54.Bf1 Bc2 55.Kxf3 Bxb3 56.Bb5 Bd5+ 57.Kg4 Ke4 
58.Kh5 Ke3 59.Kxh6 Kd2 0-1

[Event "HCL-C095"]
[Site "www.playchess.de"]
[Date "2001.02.08"]
[Round "7"]
[White "soymilk"]
[Black "Fiver"]
[WhiteElo "1092"]
[BlackElo "1000"]
[PlyCount "42"]
[Result "0-1"]

1.e4 e5 2.Nf3 Nc6 3.Bc4 Nf6 4.d3 Be7 5.O-O O-O 
6.Re1 Bb4 7.c3 Ba5 8.d4 d6 9.Bg5 h6 10.Bh4 Qe7 
11.d5 Nd4 12.Nxd4 exd4 13.b4 Bb6 14.cxd4 g5 15.Bg3 
Nxe4 16.f3 Qf6 17.Kh1 Qxd4 18.Na3 Nxg3+ 19.hxg3 
Qf2 20.Qe2 Qxg3 21.Bd3 Qh4+ 0-1

[Event "HCL-C108"]
[Site "www.playchess.de"]
[Date "2001.02.08"]
[Round "17"]
[White "dakini"]
[Black "helmet"]
[WhiteElo "1801"]
[BlackElo "1222"]
[PlyCount "100"]
[Result "0-1"]

1.e4 c5 2.Nf3 d6 3.d4 cxd4 4.Nxd4 Nf6 5.Nc3 g6 
6.Bd3 Bg7 7.Bf4 O-O 8.Nf3 Bg4 9.h3 Bxf3 10.Qxf3 
Qb6 11.Rb1 Nc6 12.O-O Nh5 13.Na4 Nd4 14.Qxh5 Qc6 
15.Qh4 Qxa4 16.Qxe7 Qxa2 17.Bxd6 Rfe8 18.Qxb7 Qe6 
19.Bc5 Rab8 20.Qxa7 Nc6 21.Qa4 Ne5 22.Bb5 Rec8 
23.Bb4 Qb6 24.c4 Nxc4 25.Bxc4 Rxc4 26.Qa5 Qxb4 
27.Qxb4 Rcxb4 28.f3 R4xb2 29.Rxb2 Rxb2 30.Re1 Ra2 
31.Kh1 Be5 32.Rf1 g5 33.g4 Ra1 34.Rxa1 Bxa1 35.Kg2 
Be5 36.Kf2 f6 37.Ke3 h6 38.Kf2 Kf7 39.Ke3 Ke7 
40.Kd3 Kd6 41.Kc4 Kc6 42.Kb4 Bh2 43.Kc4 Bg3 44.Kd4 
Kd6 45.Ke3 Ke5 46.Kd3 Kf4 47.Ke2 Bh4 48.Kd3 Kxf3 
49.Kd4 Bg3 50.Kd5 Be5 0-1

[Event "HCL-C114"]
[Site "www.playchess.de"]
[Date "2001.02.08"]
[Round "2"]
[White "whoopingfunst"]
[Black "cueball"]
[WhiteElo "599"]
[BlackElo "1000"]
[PlyCount "23"]
[Result "1-0"]

1.e4 e5 2.Nf3 Nc6 3.Bc4 d6 4.Nc3 Nh6 5.d3 Bd7 
6.Bxh6 gxh6 7.h3 Na5 8.Bd5 c6 9.b4 cxd5 10.bxa5 
Qxa5 11.O-O Qxc3 12.Re1 1-0

[Event "HCL-C114"]
[Site "www.playchess.de"]
[Date "2001.02.08"]
[Round "20"]
[White "soymilk"]
[Black "ChessHammer"]
[WhiteElo "1170"]
[BlackElo "1044"]
[PlyCount "81"]
[Result "1-0"]

1.e4 e6 2.d4 d5 3.exd5 exd5 4.Nc3 Nf6 5.Bg5 Be7 
6.Qe2 Nc6 7.Bxf6 gxf6 8.O-O-O Be6 9.g3 Rg8 10.Bg2 
Bg4 11.Bf3 Bxf3 12.Qxf3 Rg5 13.h4 Rg6 14.Nxd5 Bd6 
15.Re1+ Kf8 16.Re4 a5 17.Ne2 a4 18.Nec3 a3 19.b3 
Bb4 20.Nb5 Ra5 21.c4 Na7 22.Nxb4 Nxb5 23.cxb5 Rxb5 
24.Nc2 f5 25.Re5 Rbb6 26.Rxf5 Rbc6 27.Rxf7+ Kg8 
28.Rf4 Rgd6 29.Rd1 Rd5 30.Rg4+ Kh8 31.Qf7 Rd7 
32.Rg8+ Qxg8 33.Qxd7 Qg6 34.Qd8+ Kg7 35.Rd2 Qe6 
36.d5 Qe1+ 37.Rd1 Qc3 38.Qd7+ Kh8 39.dxc6 Qb2+ 
40.Kd2 Qxa2 41.Re1 1-0

[Event "HCL-C138"]
[Site "www.playchess.de"]
[Date "2001.02.08"]
[Round "3"]
[White "dg"]
[Black "Last_Pawn"]
[WhiteElo "1049"]
[BlackElo "715"]
[PlyCount "41"]
[Result "1-0"]

1.e4 e5 2.Nf3 Nc6 3.Bb5 Nge7 4.d3 d6 5.h3 a6 
6.Bxc6+ Nxc6 7.O-O Be6 8.Bg5 Be7 9.Nbd2 O-O 
10.Bxe7 Qxe7 11.b3 d5 12.c4 dxc4 13.Nxc4 Rad8 
14.Ncxe5 Nxe5 15.Nxe5 Rd6 16.Nc4 Bxc4 17.bxc4 Rfd8 
18.Qb3 b6 19.Rfd1 Qe5 20.Rac1 c5 
21.Rc2 1-0

[Event "HCL-C143"]
[Site "www.playchess.de"]
[Date "2001.02.08"]
[Round "11"]
[White "locko"]
[Black "DougL"]
[WhiteElo "742"]
[BlackElo "1000"]
[PlyCount "32"]
[Result "0-1"]

1.e4 c6 2.d4 d5 3.f3 e6 4.c4 Nf6 5.e5 Ne4 6.fxe4 
Qh4+ 7.g3 Qxe4+ 8.Qe2 Qxh1 9.Nf3 b6 10.Nc3 Ba6 
11.b3 Bb4 12.Bd2 c5 13.O-O-O Nc6 14.Nb1 Nxd4 
15.Nxd4 Qe4 16.Qxe4 dxe4 0-1

[Event "HCL-C151"]
[Site "www.playchess.de"]
[Date "2001.02.08"]
[Round "5"]
[White "lsoule"]
[Black "ROBIN"]
[WhiteElo "599"]
[BlackElo "971"]
[PlyCount "23"]
[Result "1-0"]

1.d4 e6 2.e4 Nc6 3.Nf3 Nf6 4.Nc3 Bb4 5.a3 Ba5 6.b4 
Bb6 7.Bc4 O-O 8.O-O Ng4 9.d5 exd5 10.exd5 Nce5 
11.Nxe5 Nxe5 12.Bd3 1-0

[Event "HCL-E012"]
[Site "www.playchess.de"]
[Date "2001.02.08"]
[Round "15"]
[White "Gearloose"]
[Black "Aramis"]
[WhiteElo "2041"]
[BlackElo "2257"]
[PlyCount "32"]
[Result "0-1"]

1.e4 c5 2.Nc3 d6 3.g3 g6 4.Bg2 Bg7 5.Nge2 e6 6.d3 
Ne7 7.Be3 O-O 8.Qd2 Nbc6 9.f4 a6 10.O-O Bd7 11.g4 
Qc7 12.Ng3 f5 13.gxf5 gxf5 14.Kh1 Nd4 15.Nd1 fxe4 
16.dxe4 Bb5 0-1

[Event "HCL-E017"]
[Site "www.playchess.de"]
[Date "2001.02.08"]
[Round "4"]
[White "Goofy"]
[Black "badnews"]
[WhiteElo "2089"]
[BlackElo "2000"]
[PlyCount "23"]
[Result "1-0"]

1.d4 Nf6 2.c4 c5 3.d5 b5 4.cxb5 a6 5.b6 a5 6.Nc3 
Ba6 7.e4 Bxf1 8.Kxf1 Qxb6 9.e5 Ng8 10.h4 f6 11.f4 
Nh6 12.Rh3 1-0

[Event "ACL-A037"]
[Site "www.playchess.de"]
[Date "2001.02.08"]
[Round "35"]
[White "Spade"]
[Black "Pietros"]
[WhiteElo "1500"]
[BlackElo "1245"]
[PlyCount "40"]
[Result "0-1"]

1.e4 e5 2.Nf3 Nc6 3.Bb5 d6 4.d4 Bd7 5.d5 Na5 
6.Bxd7+ Qxd7 7.Qe2 Nf6 8.b4 Qa4 9.a3 Nb3 10.cxb3 
Qxb3 11.Qb5+ Nd7 12.Qxb7 Rd8 13.Qc6 Qd3 14.Nc3 Be7 
15.Ra2 O-O 16.Rd2 Nb8 17.Rxd3 Nxc6 18.dxc6 f5 
19.exf5 Rxf5 20.O-O h6 0-1

[Event "ACL-A056"]
[Site "www.playchess.de"]
[Date "2001.02.08"]
[Round "16"]
[White "Pietros"]
[Black "love_spuds"]
[WhiteElo "1393"]
[BlackElo "1357"]
[PlyCount "49"]
[Result "1-0"]

1.e4 c5 2.Nf3 Nc6 3.Bc4 Nf6 4.Ng5 e6 5.d3 h5 6.h3 
d5 7.exd5 exd5 8.Qe2+ Be7 9.Bb3 Nd4 10.Qe5 c4 
11.Qxd4 cxb3 12.Qa4+ Bd7 13.Qxb3 Qc7 14.d4 Qc4 
15.Nf3 Qxb3 16.cxb3 O-O 17.Nc3 Rfe8 18.O-O Ne4 
19.Nxd5 Rad8 20.Nxe7+ Rxe7 21.Bf4 f6 22.Rfe1 f5 
23.Bg5 Nxg5 24.Rxe7 Bc6 25.Nxg5 1-0

[Event "ACL-A063"]
[Site "www.playchess.de"]
[Date "2001.02.08"]
[Round "9"]
[White "TheBoss"]
[Black "sazex"]
[WhiteElo "1500"]
[BlackElo "1768"]
[PlyCount "30"]
[Result "0-1"]

1.e4 e5 2.Bc4 Nf6 3.d3 c6 4.Nf3 d5 5.Bb3 Bd6 6.a4 
dxe4 7.Ng5 O-O 8.Nxe4 Nxe4 9.dxe4 b6 10.Qf3 Ba6 
11.Bd2 Nd7 12.Na3 Bxa3 13.bxa3 Qh4 14.g3 Qe7 
15.O-O-O Qxa3+ 0-1

[Event "ACL-A068"]
[Site "www.playchess.de"]
[Date "2001.02.08"]
[Round "6"]
[White "chrisg"]
[Black "denis3"]
[WhiteElo "1770"]
[BlackElo "1500"]
[PlyCount "31"]
[Result "1-0"]

1.e4 e5 2.f4 exf4 3.Nf3 Qf6 4.Bc4 Bc5 5.d4 Be7 
6.Nc3 Nh6 7.Nd5 Qe6 8.Nxc7+ Kd8 9.Nxe6+ fxe6 
10.Bxf4 Bb4+ 11.c3 Bf8 12.Ne5 b6 13.Bxh6 Ke8 
14.Qh5+ g6 15.Nxg6 Bxh6 16.Nxh8+ 1-0